| 000 | | | 03524nac2a22002651x 450 |
| 001 | | | 5ff6a253-6df5-4cb6-8602-233ef7867867 |
| 005 | | | 20150429121055.0 |
| 100 | ## | $a | 20150212l1916 k y0rusy50 ca |
| 101 | 0# | $a | rus |
| 102 | ## | $a | RU |
| 105 | ## | $a | y z ||||| |
| 122 | 0# | $a | d19161231 |
| 200 | 1# | $a | Учреждение должностей на частные средства по губерниям. Оренбургская губерния |
| | $j | 1916 |
| 215 | ## | $a | 56 листов |
| 251 | ## | $c | Дело |
| 300 | ## | $a | Заголовок дела на папке: Об учреждении на частные средства полицейских должностей по Оренбургской губернии |
| 300 | ## | $a | Машинописные документы |
| 324 | ## | $a | В деле имеются копии |
| 461 | #0 | $1 | 0019437218a-5c35-4c92-b6d5-a02c81f9be70 |
| | $1 | 2001 |
| | $a | Департамент полиции Министерства внутренних дел |
| | $1 | 251 |
| | $c | Фонд |
| | $1 | 852 |
| | $j | 102 |
| 462 | #0 | $1 | 001RuPRLIB510117765 |
| | $1 | 2001 |
| | $a | 2-е делопроизводство. 1916 г. |
| | $1 | 251 |
| | $c | Опись |
| | $1 | 852 |
| | $j | 74 |
| 517 | ## | $a | Об учреждении на частные средства полицейских должностей по Оренбургской губернии |
| 601 | 01 | $3 | RU\NLR\AUTH\889931910 |
| | $a | Россия |
| | $b | Департамент полиции |
| 801 | #0 | $a | RU |
| | $b | GA_RF |
| 801 | #1 | $a | RU |
| | $b | НПО Опыт |
| | $c | 20150212 |
| | $2 | rusmarc |
| 801 | #2 | $a | RU |
| | $b | ПБ им. Б.Н. Ельцина |
| | $c | 20150429 |
| | $g | RCR |
| | $2 | rusmarc |
| 852 | ## | $a | ГА РФ |
| | $j | 11 ч. 32 |
| 937 | ## | $d | 50640353 |
| | $h | ПБ |
| 035 | ## | $a | RuPRLIB51024809 |